| 000 | 00799nam a2200241 a 4500 | ||
|---|---|---|---|
| 001 | 10377 | ||
| 003 | CO-ViMGA | ||
| 008 | 141112s2004 ck r 000 u spa d | ||
| 040 |
_aCO-ViMGA _bspa _cCO-ViMGA |
||
| 082 | 0 | 4 | _aCo860.4 A71p |
| 100 | 1 |
_aAndrade Gonzalez, _913763 |
|
| 245 | 1 | 0 |
_aProsa de Julio Arboleda : _bJurídica, Política, Heterodoxa y Literatura |
| 260 |
_aBogotá : _bBanco de la República de la República, _c1984 |
||
| 300 | _a434p. | ||
| 490 | _aColección Banco de la República | ||
| 650 | 1 | 4 |
_aARBOLEDA JULIO 1817 - 1862 _913764 |
| 650 | 1 | 4 |
_aCOLOMBIA - HISTORIA _913765 |
| 650 | 1 | 4 | _aCOLOMBIA - Política Y GOBIERNO |
| 650 | 1 | 4 | _aCOLOMBIA - Política Y GOBIERNO |
| 650 | 1 | 4 |
_aCRITICA E INTERPRETACION _955140 |
| 650 | 1 | 4 |
_aENSAYOS COLOMBIANOS _91215 |
| 942 |
_2ddc _cBK |
||
| 999 |
_c21724 _d21724 |
||